MARC

LEADER 00000nam0a2200000 4500
001 371141
005 20231102012341.0
035 |a (RuTPU)RU\TPU\retro\28551 
090 |a 371141 
100 |a 20220920d1959 km y0rusy50 ca 
101 0 |a rus 
102 |a RU 
105 |a a z 000zy 
200 1 |a Значение содопродуктов в народном хозяйстве и нормы их потребления  |f С. Н. Вишневский 
210 |a Москва  |c Госпланиздат  |d 1959 
215 |a 75 с.  |c ил. 
225 1 |a В помощь экономисту и плановику 
606 1 |a Содовая промышленность  |2 stltpush  |3 (RuTPU)RU\TPU\subj\32071  |9 54742 
610 1 |a народное хозяйство 
610 1 |a содопродукты 
610 1 |a нормы 
610 1 |a расход 
610 1 |a каустическая сода 
610 1 |a кальцинированная сода 
610 1 |a экономия 
675 |a 661.3  |v 4 
700 1 |a Вишневский  |b С. Н.  |g Сергей Николаевич 
801 1 |a RU  |b 63413507  |c 20220920 
801 2 |a RU  |b 63413507  |c 20221025  |g RCR 
942 |c BK